Распоряжение ГКО СССР № 5327 о мерах по обеспечению отгрузки предприятиям Наркомата резиновой промышленности в марте 1944 г. мел...

RUSMARC
00005602cbm0a2200337#x 450
0013a6105bc-c7b1-419e-8ea3-8775a5c75cc5
00520250905135444.0
100##$a20250905j19440306k###0rusy50 ca
1010#$arus
102##$aRU
105##$ay###z########
1220#$ad19440306##
2001#$aРаспоряжение ГКО СССР № 5327 о мерах по обеспечению отгрузки предприятиям Наркомата резиновой промышленности в марте 1944 г. мела, талька, каолина и асбеста
$j6 марта 1944 г.
251##$cДокумент
300##$aРассылочный и подлинный экземпляры
461#0$12001
$aФ. 644
$1251
$cФонд
$1852
$j644
462#0$12001
$aОп. 1
$1251
$cОпись
$1852
$j1
60101$2nlr_sh
$3RU\NLR\AUTH\6601614128
$aСССР
$bГосударственный Комитет Обороны
$xИстория
$z1941 - 1945
$jДокументы и материалы
605##$2prlib_sh
$3LIBNET\UAF\0000088514
$aВторая мировая война в архивных документах (Комплекс оцифрованных архивных документов, кино- и фотоматериалов)
$lколлекция
605##$2acquisition_Prlib
$3DITM\AF\0000002775
$aВласть
$lколлекция
6061#$2nlr_sh
$3RU\NLR\AUTH\661368133
$aВеликая Отечественная война
$z1941 - 1945
$xТыл(воен.)
$yУрал
$jДокументы и материалы
6061#$2nlr_sh
$3RU\NLR\AUTH\661323374
$aПромышленность
$xИстория
$yСССР
$z1941 - 1945
$jДокументы и материалы
6061#$2nlr_sh
$3RU\NLR\AUTH\661380129
$aРезиновая промышленность
$xИстория
$yСССР
$jДокументы и материалы
6061#$2nlr_sh
$3RU\NLR\AUTH\66543946
$aПромышленность строительных материалов
$yСССР
$jДокументы и материалы
686##$a63.3(2)622,13ю1
$vLBC/M
$2rubbk
686##$a65.03(2)62ю1
$vLBC/M
$2rubbk
801#0$aRU
$bПБ им. Б.Н. Ельцина
$c20250905
801#1$aRU
$bПБ им. Б.Н. Ельцина
$c20250905
$2rusmarc
801#2$aRU
$bПБ им. Б.Н. Ельцина
$c20250905
$2rusmarc
850##$aРоссийский государственный архив социально-политической истории
852##$aРГАСПИ
$jД. 215. Л. 218-218об.; Оп. 2. Д. 292. Л. 37-37об.
035##$aLIBNET\0001496494
937##$d197655992
$hФедеральное архивное агентство
8564#$uhttp://readingroom.main.prlib.ru/item.aspx?id_node=n197655992&mode=full
Формат отображения